书目信息 |
| 题名: |
汽车化油器原理
|
|
| 作者: | 陈康仪 编 | |
| 分册: | ||
| 出版信息: | 北京 人民交通出版社 1982 |
|
| 页数: | 204页 | |
| 开本: | 19cm | |
| 丛书名: | ||
| 单 册: | ||
| 中图分类: | U464.136 | |
| 科图分类: | ||
| 主题词: | 汽车-化油器--理论 , 化油器-汽车--理论 | |
| 电子资源: | ||
| ISBN: | ||
| 000 | 00632nam0 2200241 45 | |
| 001 | 0182004185 | |
| 005 | 20060726173710.98 | |
| 010 | @dCNY1.20 | |
| 091 | @a15044.4641 | |
| 100 | @a19950523d1982 em y0chiy0121 ea | |
| 101 | 0 | @achi |
| 102 | @aCN@b110000 | |
| 105 | @ay z 000yy | |
| 200 | 10 | @a汽车化油器原理@Aqi che hua you qi yuan li@f陈康仪编 |
| 210 | @a北京@c人民交通出版社@d1982 | |
| 215 | @a204页@d19cm | |
| 606 | @a汽车-化油器@x理论 | |
| 606 | @a化油器-汽车@x理论 | |
| 690 | @aU464.136@v3 | |
| 701 | 0 | @a陈康仪@Achen kang yi@4编 |
| 801 | 2 | @aCN@bNLC@c20060726 |
| 801 | 0 | @aCN@bTSSF |
| 905 | @a10447@dU464.136@e107 | |
| 汽车化油器原理/陈康仪编.-北京:人民交通出版社,1982 |
| 204页;19cm |
| ISBN :CNY1.20 |
| ● |
| 相关链接 |
|
|
|
|
正题名:汽车化油器原理
索取号:U464.136/107
 
预约/预借
| 序号 | 登录号 | 条形码 | 馆藏地/架位号 | 状态 | 备注 |
| 1 | 0438419 | 204384193 | 密集书库/ [索取号:U464.136/107] | 在馆 |